000 01014nam a2200241 a 4500
001 64946
003 BD-RjUL
005 20211209081354.0
008 170225s1938 enkcfh b 001 0 eng
035 _a(BD-RjUL)65076
040 _aDLC
_cWLacU
_dBD-RjUL
_beng
041 _aeng
082 _a960
_223
_bROS 1938
100 1 _aRosenthal, Eric.
_9192568
245 1 0 _aStars and stripes in Africa :
_bbeing a history of American achievements in Africa by explorers, missionaries, pirates, adventurers, hunters, miners, merchants, scientists, soldiers, showmen, engineers, and others with some account of Africans who have played a part in American affairs,
_cby Eric Rosenthal. With a foreword to the first edition by Jan Christian Smuts, P.C.
260 _aLondon :
_bG. Routledge & Sons,
_c1938.
300 _axiii, 306 p. :
_bill. ;
_c26 cm.
504 _aIncludes index and Bibliography
650 0 _aAfrica
_zHistory.
_9192569
651 0 _aAmericans
_xAfrica.
_9192570
942 _2ddc
_cBK
999 _c64946
_d64946